Responses for show #7991 - Monday, May 13, 2019

2019 Teachers Tournament semifinal game 1.

Contestants

Sara DelVillano, a middle school instrumental music teacher from Lanham, Maryland

Trevor Crowell, a high school Spanish teacher from Mountain View, California

Joe Rengstorf, a middle school special education teacher from Poulsbo, Washington

Jeopardy! Round responses

3 OF A KIND
COLLEGES & UNIVERSITIES
PARTS OF SPEECH
BIOGRAPHY SUBJECTS
SHOW
TELL
    $200 14
whale

Joe
    $200 9
UCLA

Joe
    $200 1
a noun

Trevor
    $200 4
Billy Graham

Joe
    $200 16
Ellen

Trevor
    $200 21
(Joe: What is Britain?)
(Sara: What is Italy?)

Switzerland

JoeSara
Triple Stumper
    $400 15
(Sara: What are cars?)
(Alex: Be more specific.)
(Sara: What are [*]?)
(Alex: [Overlapping] Thank you very much.)

Ford vehicles

Sara
    $400 10
Georgetown

Trevor
    $400 2
a preposition

Trevor
    $400 5
Catherine the Great

Sara
    $400 17
the '90s

Sara
    $400 22
Wilhelm

Sara
    $600 26
card games

Sara
    $600 11
Columbia

Trevor
    $600 3
exclamation (or interjection)

Joe
    $1,000 6
Memphis

Sara
    $600 18
The Masked Singer

Trevor
    $600 23
shot with an arrow

Joe
    $800 27
(Joe: What are beaches?)
(Trevor: What are islands?)
(Alex: Be more specific.)
(Trevor: [*]?)

Hawaiian islands

JoeTrevor
    $800 12
Stanford

Trevor
    $800 29
adverb

Triple Stumper
    $800 7
the OED, or the Oxford Dictionary

Triple Stumper
    $800 19
(Marie) Kondo

Trevor
    $800 24
Rossini

Sara
    $1000 28
types of Scotch

Joe
    $1000 13
Auburn

Joe
    $1000 30
conjunction

Triple Stumper
    $1000 8
(Joe: Who is Caroline?)

Lee Radziwill

Joe
Triple Stumper
    $1000 20
the Black Dahlia

Trevor
    $1000 25
Habsburgs

Sara

Scores at the first commercial break (after clue 15):

Joe Trevor Sara
$1,200 $2,400 $1,800

Scores at the end of the Jeopardy! Round:

Joe Trevor Sara
$1,800 $5,800 $4,800

Double Jeopardy! Round responses

WATER, WATER EVERYWHERE
ALMOST RHYMES WITH ORANGE
NOBEL PEACE PRIZES
THING + BODY PART = CONDITION
COLORFUL SHAKESPEARE
FILM IN THE BLANK
    $400 11
Loch Ness

Trevor
    $400 6
grunge

Trevor
    $400 26
climate change

Joe
    $400 14
heart

Joe
    $400 21
yellow

Joe
    $400 1
famous

Sara
    $800 12
the Bay of Bengal

Joe
    $800 7
porridge

Trevor
    $800 28
Israel

Trevor
    $800 15
(Trevor: What is sugar?)
(Joe: What is salt?)

cholesterol

JoeTrevor
Triple Stumper
    $800 22
Iago

Sara
    $800 2
Thelma & Louise

Joe
    $1200 13
the Gulf of St. Lawrence

Triple Stumper
    $1200 8
a hinge

Joe
    $3,400 27
UNICEF

Joe
    $1200 16
toe

Joe
    $1200 23
The Merry Wives of Windsor

Trevor
    $1200 3
love the bomb

Joe
    $1600 19
the Bosporous

Joe
    $1600 9
a lozenge

Sara
    $1600 29
land mines

Sara
    $1600 17
(Joe: What is a garter? No.)

a corset

JoeSara
    $2,000 24
(Alex: Trevor?)
(Trevor: King Lear.)

Richard III

Trevor
    $1600 4
came down a mountain

Sara
    $2000 20
(Joe: What is Titicaca?)

Lake Maracaibo

Joe
Triple Stumper
    $2000 10
mange

Sara
    $2000 30
Jane Addams

Triple Stumper
    $2000 18
(Joe: What is Squirt?)

Mountain Dew

Joe
Triple Stumper
    $2000 25
Mercutio

Trevor
    $2000 5
sunshine of the spotless mind

Trevor

Scores at the end of the Double Jeopardy! Round:

Joe Trevor Sara
$6,800 $10,600 $14,400

[wagering suggestions for these scores]

Final Jeopardy! Round responses

AMERICANA
(Alex: [To Sara] The poem is "The Courtship of [*]".)
JoeWho is Poe??
$1,401
TrevorWho is Arlington?
$10,500
SaraWho is Mary?
$6,801
Myles Standish

Final scores:

Joe Trevor Sara
$5,399 $100 $7,599
2nd place: $10,000 3rd place: $10,000 Finalist

Game dynamics:

Coryat scores:

Joe Trevor Sara
$4,600 $12,600 $14,000
17 R
(including 1 DD),
7 W
17 R,
2 W
(including 1 DD)
15 R
(including 1 DD),
1 W

Combined Coryat: $31,200

The J! Archive is created by fans, for fans. The Jeopardy! game show and all elements thereof, including but not limited to copyright and trademark thereto, are the property of Jeopardy Productions, Inc. and are protected under law. This website is not affiliated with, sponsored by, or operated by Jeopardy Productions, Inc. Join the discussion at JBoard.tv.